The noble scholar, jurist, historian


 His Excellency Dr. Abdul Wahhab bin Ibrahim Abu Sulaiman, may Allah have mercy on him.


 He was born in Umm Al-Qura in the year 1356 AH.

من مرويات ابن قابل محمد سعيد بن قاسي بن قابل الأحمدي / (Record no. 12608)

MARC details
000 -LEADER
fixed length control field 01356cam a22003011i 4500
003 - CONTROL NUMBER IDENTIFIER
control field SA-RiAUC
005 - DATE AND TIME OF LATEST TRANSACTION
control field 20251019142107.0
008 - FIXED-LENGTH DATA ELEMENTS--GENERAL INFORMATION
fixed length control field 251015s1998 su g b 0000p ara c
020 ## - INTERNATIONAL STANDARD BOOK NUMBER
Canceled/invalid ISBN 9790679960
040 ## - CATALOGING SOURCE
Original cataloging agency SA-JeALM
Language of cataloging ara
Transcribing agency SA-RiAUC
Description conventions rda
050 #4 - LIBRARY OF CONGRESS CALL NUMBER
Item number Z75 1998
082 04 - DEWEY DECIMAL CLASSIFICATION NUMBER
Classification number 811.9531
Assigning agency SA-RiAUC
090 ## - LOCALLY ASSIGNED LC-TYPE CALL NUMBER (OCLC); LOCAL CALL NUMBER (RLIN)
Classification number (OCLC) (R) ; Classification number, CALL (RLIN) (NR) 811.9531
Local cutter number (OCLC) ; Book number/undivided call number, CALL (RLIN) ا ح م
100 1# - MAIN ENTRY--PERSONAL NAME
Personal name الأحمدي، محمد سعيد بن قاسي،
Dates associated with a name 1327-1421 هجري
Relator term مؤلف.
245 10 - TITLE STATEMENT
Title من مرويات ابن قابل محمد سعيد بن قاسي بن قابل الأحمدي /
Statement of responsibility, etc. جمع وشرح وإعداد عبد الرحيم مطلق قابل الأحمدي.
250 ## - EDITION STATEMENT
Edition statement الطبعة الأولى.
264 #1 - PRODUCTION, PUBLICATION, DISTRIBUTION, MANUFACTURE, AND COPYRIGHT NOTICE
Place of production, publication, distribution, manufacture الرياض :
Name of producer, publisher, distributor, manufacturer دار المفردات للنشر والتوزيع،
Date of production, publication, distribution, manufacture, or copyright notice 1998
300 ## - PHYSICAL DESCRIPTION
Extent 274 صفحة ؛
Dimensions 24 سم
336 ## - CONTENT TYPE
Content type term نص
Content type code txt
Source rdacontent
Materials specified كتاب
337 ## - MEDIA TYPE
Media type term بدون وسيط
Media type code n
Source rdamedia
338 ## - CARRIER TYPE
Carrier type term مجلد
Carrier type code nc
Source rdacarrier
504 ## - BIBLIOGRAPHY, ETC. NOTE
Bibliography, etc. note ببليوجرافية : صفحة 274.
650 #7 - SUBJECT ADDED ENTRY--TOPICAL TERM
Topical term or geographic name entry element الشعر العربي
Geographic subdivision السعودية
Chronological subdivision قرن 14 هجري.
Source of heading or term aucsh
700 1# - ADDED ENTRY--PERSONAL NAME
Personal name الأحمدي، عبد الرحيم مطلق قابل،
Dates associated with a name 1357 هجري-
Relator term جامع.
942 ## - ADDED ENTRY ELEMENTS (KOHA)
Source of classification or shelving scheme Dewey Decimal Classification
Koha item type Books
Suppress in OPAC No
949 ## - LOCAL PROCESSING INFORMATION (OCLC)
a SA-JeALM
d 251015
u osman123
n 1
Holdings
Withdrawn status Lost status Source of classification or shelving scheme Damaged status Not for loan Home library Current library Date acquired Total checkouts Full call number Barcode Date last seen Price effective from Koha item type
    Dewey Decimal Classification     DR AbdElwahab Library DR AbdElwahab Library 10/19/2025   811.9531 ا ح م 000020344 10/19/2025 10/19/2025 Books